• 首页
  • 本馆介绍
  • 公告通知
  • 最新文献
  • 馆藏检索
  • 电子资源
  • 读者导购
  • 参考咨询
  • 我的图书馆
  • 登录
  • 详细信息显示
  • 放入我的书架
  • 预约/预借图书
  • 作者相关作品
  • 分类相关作品
  • 丛书相关作品
  • 出版社相关作品

书目信息

  • 表格格式
  • 工作单格式
  • 卡片格式
题名:
计算机病毒防治大全
    
 
作者: 吴万钊 主编
分册:  
出版信息:    1991.09
页数: 346页
开本: 19cm
丛书名:
单 册:
中图分类: TP306
科图分类:
主题词: 计算技术 , 电子计算机
电子资源:
ISBN: 7-5077-0760-1
000 00534nam0 2200193 450
001 0833755102
005 20080110092538.07
010    @a7-5077-0760-1@dCNY17.30
100    @a20080110d1991 km y0chiy0120 ea
101 0  @achi
200 1  @a计算机病毒防治大全@Aji suan ji bing du fang zhi da quan@f吴万钊主编@Fwu wan zhao zhu bian
210    @d1991.09
215    @a346页@d19cm
606 0  @a计算技术
606 0  @a电子计算机
690    @aTP306@v4
701  0 @a吴万钊@Awu wan zhao@4主编
801  0 @aCN@bPFT@c20080110
905    @aBZT@dTP306@e25
    
    计算机病毒防治大全/吴万钊主编.-1991.09
    346页;19cm
    
    
    ISBN 7-5077-0760-1:CNY17.30
    
●
相关链接 在五车中查询图书 在当当中查询图书 在豆瓣中查询图书


正题名:计算机病毒防治大全     索取号:TP306/25         预约/预借

序号 登录号 条形码 馆藏地/架位号 状态 备注
1 072724   220003383   中心书库中库/ 中库028架B面8列6层22/ [索取号:TP306/25] 在馆    
2 072725   220003388   中心书库中库/ 中库028架B面8列6层18/ [索取号:TP306/25] 在馆    
3 072726   220003385   中心书库中库/ 中库028架B面8列6层19/ [索取号:TP306/25] 在馆    
4 072727   220003390   中心书库中库/ 中库028架B面8列6层20/ [索取号:TP306/25] 在馆    
5 072728   220003387   中心书库中库/ 中库028架B面8列6层21/ [索取号:TP306/25] 在馆    
6 072729   220003389   中心书库中库/ 中库028架B面8列6层23/ [索取号:TP306/25] 在馆    
山东省滨州职业学院图书馆 欢迎您!
大连网信软件有限公司© 版权所有